| 000 | 00353nam a2200109Ia 4500 | ||
|---|---|---|---|
| 008 | 180305s9999 xx 000 0 und d | ||
| 020 | _a9712716554 | ||
| 100 | _aMaramba, Asuncion David | ||
| 245 |
_cAsuncion David Maramba _aEarly Philippine Literature: _bFrom Ancient Times to 1940/ |
||
| 260 |
_aPasig City _bAnvil Pub. Inc _c2006 |
||
| 300 | _av, 352 Pages | ||
| 999 |
_c356066 _d356066 |
||